000 01183nam a22002777a 4500
001 22138
005 20260331143952.0
008 260327b |||||||| |||| 00| 0 spa d
020 _a9789500695879
041 _aESP
082 _a611
_bL28 T. 2
100 _aLatarjet, Michel,
_eAUT
245 _aAnatomía humana
250 _aQuinta edición, tercera reimpresión
260 _aBuenos Aires :
_bMédica Panamericana,
_c2023
300 _aPáginas 828-1614 :
_bfiguras ;
_c28 cm.
440 _a ;
650 _aTCA
653 _aMedicina; Anatomía humana
654 _aCCS
700 _aRuiz Liard, Alfredo,
_cAUT
856 _uhttps://0u216usew-y-https-accessmedicina-mhmedical-com.itmsp.museknowledge.com/Book.aspx?bookid=3137
_zVéase además: Anatomía y fisiología. La unidad entre forma y función. Versión digital
856 _uhttps://itmsp.museknowledge.com/UCSP?groupID=2&action=source&sourceID=AccessMedicina_IP
_zVéase además: Base de datos McGraw Hill Access Medicina
856 _uhttps://itmsp.museknowledge.com/UCSP?groupID=2&action=source&sourceID=ElsevierClinicalKey_IP
_zVéase además: Base de datos ClinicalKey
942 _cLIB
_dJUS
_fTRC
_n0
_2ddc
999 _c22138
_d22138